Statistiques concernant Drapeaux des pays commençant par N

Cliquez ici pour prendre le quiz!

Statistiques générales

  • Ce quiz a été pris 196 fois
  • Le résultat moyen est 7 sur 8

Statistiques - réponses

Réponse% Correct
Nigeria
98%
Népal
95%
Norvège
95%
Nouvelle-Zélande
94%
Namibie
83%
Nicaragua
80%
Niger
79%
Nauru
65%

Distribution des résultats

Percentile par nombre de réponses

% des personnes avec chaque résultat

Votre développement - résultats

Vous n’avez pas pris ce quiz